MDQL
is popping MORE tags! Check the
thread
!
Quizzes
Events
Quiz Creation
Community
Videos
Private Events
Remove Ads
Sign In
Join for FREE
Feedback
Dark Mode
Quiz Categories
Sports
Geography
Music
Movies
Television
Just For Fun
Miscellaneous
History
Literature
Language
Science
Gaming
Entertainment
Religion
Holiday
For Kids
Quiz Lab
Recent
Popular Today
Quiz Kudos Today
Editor Picks
Curator Picks
Quizzes by...
Day
Popularity
Type
Ratings
Length
Year
Community
Subscriptions
Recent Discussions
Orange Saloon
Badges
Playlists
Quests
Create
Leaderboards
Showdown
Live 5
Trivia Bingo
Activity
Puzzle Library
Sporcle Events
Private Events
Virtual Trivia
Globe League
Become a Host
Pub Owners
SporcleCon
Opinionation
Our Games
Videos
Blog
Mobile Apps
Partnerships
Remove Ads and Go Orange
Feedback
Sports
Athletes
MLB
NBA
NHL
NFL
Soccer
Sports Teams
WWE
NCAA
Football
Premier League
Basketball
Baseball
Hockey
Golf
Tennis
Cricket
Rugby
Auto Racing
Olympics
World Cup
Sports
Athletes
MLB
NBA
NHL
NFL
Soccer
Sports Teams
WWE
NCAA
Football
Premier League
Basketball
Baseball
Hockey
Golf
Tennis
Cricket
Rugby
Auto Racing
Olympics
World Cup
Random Quiz
Search Sporcle
×
Quiz Lab
Quiz Lab
Sports
Roster
Type in answers that appear in a list
Type in answers that appear in a list
Classic
Best Score? Go Orange.
Toronto Blue Jays 2010 Roster Stats
Can you name the Toronto Blue Jays 2010 Roster?
By
sportsfreak123
7m
39 Questions
70 Plays
70 Plays
70 Plays
Comments
Comments
Give Quiz Kudos
Give Quiz Kudos
-
- Ratings
hide this ad
Replay
Link that replays current quiz
Next Quiz
Link to next quiz in quiz playlist
You Got
0%
They Got
Avg Score
54%
Avg Friend Score
Upgrade to see
Score Distribution
Jump to the score distribution portion of the page
Score
0/39
Timer
07:00
0
Plays Today
% Correct
Aaron Hill
100%
Jose Bautista
98.6%
Shawn Hill
98.6%
Vernon Wells
92.9%
Adam Lind
91.4%
Ricky Romero
90%
Lyle Overbay
87.1%
John Buck
85.7%
Edwin Encarnacion
84.3%
Shaun Marcum
84.3%
Jose Molina
74.3%
Kevin Gregg
72.9%
Brandon Morrow
72.9%
Yunel Escobar
71.4%
John McDonald
71.4%
Brett Cecil
70%
Jason Frasor
70%
J.P. Arencibia
64.3%
Travis Snider
60%
Scott Downs
58.6%
% Correct
Brian Tallet
47.1%
Shawn Camp
44.3%
Fred Lewis
44.3%
Kyle Drabek
42.9%
Rommie Lewis
42.9%
Casey Janssen
38.6%
Jesse Litsch
38.6%
Mike McCoy
34.3%
Dustin McGowan
30%
Mark Rzepczynski
28.6%
David Purcey
25.7%
Jesse Carlson
24.3%
Dewayne Wise
20%
Brad Mills
18.6%
Josh Roenicke
14.3%
Robert Ray
8.6%
Jarrett Hoffpauir
7.1%
Dirk Hayhurst
4.3%
Taylor Buchholtz
1.4%
Quiz Playlist
Details
Report
Send in Message
Add To Playlist
Classic:
Type in answers that appear in a list
Last Updated: Feb 16, 2017
Quiz Scoreboard
CHALLENGE
Sign Up to Join the Scoreboard
Show All
Scores
Hide
Comments
May contain spoilers
Recently Published
Image Sorting: Flags VI
by Barbecue
Geography
2m
Find the 'City' Movie
by crazypaving
Movies
60s
Colored Red Africa Blitz
by spor1
Geography
45s
More to Explore
Quiz From the Vault
Featured Blog Post
14 Easter Pick-up Lines to Find Eggs With
hide this ad
You Might Also Like...
Tags
2010
blue
Jay
Roster
toronto
Toronto Blue Jays
Today's Top Quizzes in Sports
Browse Sports
hide this ad
Today's Top Quizzes in Roster
Browse Roster
Top Contributed Quizzes in Sports
1
Les meilleurs buteurs des matchs entre le PSG et l’OM
2
Les entraîneurs de l'OM et du PSG au 21e siècle
3
Les joueurs passés par le PSG et l'OM
4
2022 World Cup Stars
5
Players with Multiple 50 Home Run Seasons
6
Criteria MLB: Left Handed Sluggers
7
Les joueurs passés par le LOSC et le RC Lens
8
NBA Logic Puzzle 2.0
9
MLB Players with Two .350 Batting Average Seasons
10
FIFA Club World Cup Champions
Explore More
Trending Topics
Kpop
Harry Potter
Marvel
Crossword
Disney
Anime
NBA
Song
Pokémon
Soccer
WWE
NFL
The Office
Puzzle
Country
hide this ad
More By:
sportsfreak123
Quiz
Plays
Rating
Category
Featured
Created
Calgary Flames 2009-10 Roster
179
4.50
Sports
Apr 2, 2010
Wrestlers by Clue
164
1.83
Sports
Mar 22, 2010
100 Total Olympic Medal Countries( Summer and Winter)
141
5.00
Sports
Oct 6, 2013
2013 Blue Jays Roster
92
5.00
Sports
Feb 11, 2013
Jarome Iginla
72
3.00
Sports
Apr 9, 2011
Go to Creator's Profile
Score Distribution
Quiz Creator Spotlight
sportsfreak123
Follow
Send a Message
Quizzes Created
-
Created Quiz Play Count
-
More By This Creator
Popular Quizzes Today
1
Colored Red Africa Blitz
2
Find the US States - No Outlines Minefield
3
Find the 'City' Movie
4
5x2 Blitz: Bands
5
The Countries of the World
6
Find the US States
7
Find the Countries of Europe - No Outlines Minefield
8
US States
More Sports Quizzes
Sadio Mané's Winning XI's against Manchester City
Quiz Lab
Trending Quizzes
Colored Red Europe Blitz I
Colored Red Europe Blitz II
Colored Red Africa Blitz II
Colored Red Europe Blitz III
Colored Red Africa Blitz III
Recently Updated
How Do You Spell That?
pecheneg
Godzilla Movies
pecheneg
Grab Bag: 4-10 Letters
pecheneg
2024 March Madness Bracket
pecheneg
Famous TV Couples
Peacemaker
Champions League XIs: Real Madrid
pecheneg
Largest US Cities 1790-2010
pecheneg
Rides in Walt Disney World
pecheneg
Most Oscar Losses (Acting)
pecheneg
Beyoncé Albums
pecheneg
Trending Topics
Kpop
Crossword
Marvel
Harry Potter
Disney
NBA
Anime
The Office
NFL
Puzzle
WWE
Country
Pokémon
Song
Soccer
Your Account Isn't Verified!
In order to create a playlist on Sporcle, you need to verify the email address you used during registration. Go to your
Sporcle Settings
to finish the process.
Report this User
Report this user for behavior that violates our
Community Guidelines
.
Details:
Send Report
Go to the Sporcle.com Mobile Site →
Comments